[Event "Sarajevo Bosna op 45th"]
[Site "Sarajevo"]
[Date "2015.06.03"]
[Round "7"]
[White "Arda, Cagil Irmak"]
[Black "Hadzialic, Benjamin"]
[Result "1/2-1/2"]
[WhiteElo "1822"]
[BlackElo "1924"]
[PlyCount "48"]
[EventDate "2015.05.30"]
[EventType "swiss"]
[EventRounds "9"]
[EventCountry "BIH"]
[SourceTitle "CBM 166 Extra"]
[Source "ChessBase"]
[SourceDate "2015.06.18"]
[SourceVersion "1"]
[SourceVersionDate "2015.06.18"]
[SourceQuality "1"]

1. e4 c5 2. Nf3 d6 3. d4 cxd4 4. Nxd4 Nf6 5. f3 Nc6 6. c4 e6 7. Nc3 Be7 8. Be3 0-0 9. Be2 a6 10. 0-0 d5 11. cxd5 exd5 12. Nxc6 bxc6 13. exd5 Nxd5 14. Nxd5 cxd5 15. Bd4 Be6 16. Qd2 Bf6 17. Rac1 Bxd4+ 18. Qxd4 Qa5 19. f4 Rac8 20. Rxc8 Bxc8 21. a3 Rd8 22. Bf3 Bb7 23. h3 h6 24. Rd1 Kh8 1/2-1/2

[Event "Sarajevo Bosna op 45th"]
[Site "Sarajevo"]
[Date "2015.06.02"]
[Round "5"]
[White "Bryn, Askild"]
[Black "Hadzialic, Benjamin"]
[Result "1/2-1/2"]
[WhiteElo "2071"]
[BlackElo "1924"]
[PlyCount "36"]
[EventDate "2015.05.30"]
[EventType "swiss"]
[EventRounds "9"]
[EventCountry "BIH"]
[SourceTitle "CBM 166 Extra"]
[Source "ChessBase"]
[SourceDate "2015.06.18"]
[SourceVersion "1"]
[SourceVersionDate "2015.06.18"]
[SourceQuality "1"]

1. e4 c5 2. Nc3 d6 3. f4 Nc6 4. Nf3 Nf6 5. Bb5 Bd7 6. Bxc6 Bxc6 7. d3 Qb6 8. 0-0 e6 9. Qe1 Be7 10. e5 Nd7 11. exd6 Bxd6 12. f5 0-0-0 13. fxe6 fxe6 14. Ng5 c4+ 15. Kh1 Ne5 16. Nxe6 Rde8 17. d4 Rxe6 18. d5 Rg6 1/2-1/2

[Event "Sarajevo Bosna op 45th"]
[Site "Sarajevo"]
[Date "2015.06.02"]
[Round "6"]
[White "Hadzialic, Benjamin"]
[Black "Kurtcehajic, Suad"]
[Result "0-1"]
[WhiteElo "1924"]
[BlackElo "2058"]
[PlyCount "68"]
[EventDate "2015.05.30"]
[EventType "swiss"]
[EventRounds "9"]
[EventCountry "BIH"]
[SourceTitle "CBM 166 Extra"]
[Source "ChessBase"]
[SourceDate "2015.06.18"]
[SourceVersion "1"]
[SourceVersionDate "2015.06.18"]
[SourceQuality "1"]

1. e4 c6 2. d4 d5 3. Nc3 dxe4 4. Nxe4 Bf5 5. Ng3 Bg6 6. h4 h6 7. h5 Bh7 8. Nf3 Nd7 9. Bd3 Bxd3 10. Qxd3 Ngf6 11. Bf4 Qa5+ 12. Bd2 Qc7 13. 0-0-0 0-0-0 14. Ne4 Nxe4 15. Qxe4 Nf6 16. Qe2 e6 17. Kb1 Bd6 18. c4 Qe7 19. Ne5 Nd7 20. f4 Nxe5 21. fxe5 Bc7 22. Bc3 Qg5 23. Rhf1 Rd7 24. Rd3 Rhd8 25. Bd2 Qh4 26. Rf4 Qe7 27. Be1 g5 28. hxg6 fxg6 29. Qe4 g5 30. Rf6 h5 31. Bf2 c5 32. a3 cxd4 33. Bxd4 Qh7 34. Qxh7 Rxh7 0-1

[Event "Zadar op-B 21th"]
[Site "Zadar"]
[Date "2014.12.19"]
[Round "8"]
[White "Hadzialic, Benjamin"]
[Black "Kljako, Damir"]
[Result "0-1"]
[WhiteElo "1899"]
[BlackElo "2152"]
[PlyCount "48"]
[EventDate "2014.12.14"]
[EventType "swiss"]
[EventRounds "9"]
[EventCountry "CRO"]
[SourceTitle "EXT 2016"]
[Source "ChessBase"]
[SourceDate "2015.10.08"]
[SourceVersion "1"]
[SourceVersionDate "2015.10.08"]
[SourceQuality "1"]

1. e4 g6 2. d4 Bg7 3. Be2 d6 4. h4 h5 5. Nc3 Nc6 6. Be3 e5 7. d5 Nd4 8. Bd3 c6 9. Qd2 Ne7 10. f3 cxd5 11. Nxd5 Nxd5 12. exd5 Nf5 13. Bxf5 Bxf5 14. Ne2 Rc8 15. c3 a6 16. Rc1 0-0 17. g3 Re8 18. 0-0 Qa5 19. f4 Bg4 20. fxe5 Bxe2 21. Qxe2 Rxe5 22. Qd2 Rce8 23. Rfe1 Kh7 24. Bf2 Bh6 0-1

[Event "Sarajevo Bosna op-B 44th"]
[Site "Sarajevo"]
[Date "2014.06.04"]
[Round "7"]
[White "Hadzialic, Benjamin"]
[Black "Hamzic, Adil"]
[Result "1-0"]
[WhiteElo "1887"]
[BlackElo "1788"]
[PlyCount "61"]
[EventDate "2014.05.30"]
[EventType "swiss"]
[EventRounds "9"]
[EventCountry "BIH"]
[SourceTitle "CBM 160 Extra"]
[Source "ChessBase"]
[SourceDate "2014.07.01"]
[SourceVersion "1"]
[SourceVersionDate "2014.07.01"]
[SourceQuality "1"]

1. e4 c5 2. Nf3 d6 3. d4 cxd4 4. Nxd4 Nf6 5. Nc3 a6 6. Bg5 e6 7. f4 Nbd7 8. Qf3 Be7 9. 0-0-0 Qc7 10. g4 b5 11. Bxf6 Bxf6 12. g5 Be7 13. f5 Bxg5+ 14. Kb1 Ne5 15. Qg3 Bf6 16. Bh3 Qe7 17. fxe6 fxe6 18. Nce2 Bh4 19. Qb3 Nc4 20. Nxb5 axb5 21. Qxb5+ Bd7 22. Qxc4 0-0 23. Nd4 Rfc8 24. Bxe6+ Kh8 25. Qd5 Rab8 26. Bxd7 Qxd7 27. e5 Qa4 28. b3 dxe5 29. Nf5 Qa3 30. Nd6 Rc7 31. Nb5 1-0

[Event "Sarajevo Bosna op-B 44th"]
[Site "Sarajevo"]
[Date "2014.06.02"]
[Round "5"]
[White "Hadzialic, Benjamin"]
[Black "Zlobec, Srdjan"]
[Result "0-1"]
[WhiteElo "1887"]
[BlackElo "2068"]
[PlyCount "76"]
[EventDate "2014.05.30"]
[EventType "swiss"]
[EventRounds "9"]
[EventCountry "BIH"]
[SourceTitle "CBM 160 Extra"]
[Source "ChessBase"]
[SourceDate "2014.07.01"]
[SourceVersion "1"]
[SourceVersionDate "2014.07.01"]
[SourceQuality "1"]

1. e4 c6 2. d4 d5 3. Nc3 dxe4 4. Nxe4 Nf6 5. Nxf6+ exf6 6. Bc4 Bd6 7. Qe2+ Qe7 8. Qxe7+ Kxe7 9. Ne2 Re8 10. 0-0 Bf5 11. Bb3 a5 12. a4 Na6 13. Re1 Kf8 14. c3 Re7 15. Bd2 Rae8 16. Bc4 Nc7 17. Ng3 Bc2 18. Rxe7 Rxe7 19. Bf1 Nd5 20. Rc1 Bg6 21. Re1 Rxe1 22. Bxe1 Bc2 23. c4 Nb4 24. c5 Bc7 25. Bc4 b6 26. Bxb4 axb4 27. b3 b5 28. axb5 cxb5 29. Bxb5 Bxb3 30. Ne2 Bd5 31. g3 Ba5 32. Bd3 g6 33. Bb1 f5 34. f4 b3 35. Nc1 Bc3 36. Ne2 Bd2 37. Kf2 Be4 38. c6 Ke7 0-1

[Event "Sarajevo Bosna op-B 43rd"]
[Site "Sarajevo"]
[Date "2013.06.05"]
[Round "6"]
[White "Hadzialic, Benjamin"]
[Black "Lazaneo, Djani Ivan"]
[Result "1-0"]
[WhiteElo "1758"]
[BlackElo "1874"]
[PlyCount "34"]
[EventDate "2013.06.01"]
[EventType "swiss"]
[EventRounds "9"]
[EventCountry "BIH"]
[SourceTitle "CBM 154 Extra"]
[Source "ChessBase"]
[SourceDate "2013.06.25"]
[SourceVersion "2"]
[SourceVersionDate "2013.06.25"]
[SourceQuality "1"]

1. e4 c6 2. d4 d5 3. Nc3 dxe4 4. Nxe4 Bf5 5. Ng3 Bg6 6. Nf3 e6 7. Be2 Nd7 8. 0-0 Qc7 9. c3 Ngf6 10. Re1 Bd6 11. b3 a5 12. Bb2 0-0 13. c4 Rfe8 14. Bd3 Nf8 15. Bxg6 Nxg6 16. Qc2 Rad8 17. Rad1 Rd7 1-0

[Event "Sarajevo Bosna op-B 43rd"]
[Site "Sarajevo"]
[Date "2013.06.03"]
[Round "4"]
[White "Markovic, Dino"]
[Black "Hadzialic, Benjamin"]
[Result "0-1"]
[WhiteElo "1502"]
[BlackElo "1758"]
[PlyCount "108"]
[EventDate "2013.06.01"]
[EventType "swiss"]
[EventRounds "9"]
[EventCountry "BIH"]
[SourceTitle "CBM 154 Extra"]
[Source "ChessBase"]
[SourceDate "2013.06.25"]
[SourceVersion "2"]
[SourceVersionDate "2013.06.25"]
[SourceQuality "1"]

1. d4 Nf6 2. c4 g6 3. Nc3 Bg7 4. e4 0-0 5. e5 Ne8 6. f4 d6 7. Nf3 c5 8. dxc5 Nc6 9. cxd6 exd6 10. Be3 Bg4 11. exd6 Nxd6 12. Qd2 Nf5 13. Be2 Bxf3 14. gxf3 Nxe3 15. Qxe3 Qh4+ 16. Qf2 Qxf4 17. Rd1 Nd4 18. 0-0 Rfe8 19. c5 Qg5+ 20. Kh1 Qxc5 21. Bb5 Red8 22. Bd3 Ne6 23. Qh4 Bxc3 24. bxc3 Qxc3 25. Be4 Rxd1 26. Rxd1 Qc7 27. Rb1 Rb8 28. Qf6 b5 29. h4 Qf4 30. Qe7 a5 31. Rg1 Qc7 32. Qf6 Qd8 33. Qxd8+ Rxd8 34. h5 Kg7 35. hxg6 hxg6 36. a3 Nc5 37. Bc6 b4 38. axb4 axb4 39. Rc1 Ne6 40. Rb1 Rb8 41. Bd5 Nd4 42. Rb2 f5 43. Kg1 Kf6 44. Kf2 f4 45. Rd2 Ke5 46. Bf7 g5 47. Rb2 b3 48. Kg2 Kf5 49. Kf2 g4 50. fxg4+ Kxg4 51. Bd5 f3 52. Bf7 Kf4 53. Bd5 Rh8 54. Kf1 Rh1+ 0-1

[Event "EU-ch U14"]
[Site "Prague"]
[Date "2012.08.25"]
[Round "9"]
[White "Hadzialic, Benjamin"]
[Black "Rydl, Jiri"]
[Result "0-1"]
[WhiteElo "1745"]
[BlackElo "2021"]
[PlyCount "100"]
[EventDate "2012.08.17"]
[EventType "swiss"]
[EventRounds "9"]
[EventCountry "CZE"]
[SourceTitle "CBM 150 Extra"]
[Source "ChessBase"]
[SourceDate "2012.10.19"]
[SourceVersion "1"]
[SourceVersionDate "2012.10.19"]
[SourceQuality "1"]

1. d4 e6 2. c4 Nf6 3. Nf3 b6 4. Nc3 Bb4 5. Bg5 h6 6. Bh4 Bb7 7. e3 g5 8. Bg3 Ne4 9. Rc1 Bxc3+ 10. bxc3 d6 11. d5 e5 12. Bd3 Nf6 13. Bf5 Bc8 14. Bc2 Bd7 15. Nd2 Na6 16. 0-0 Qe7 17. f3 Nc5 18. Ne4 Nfxe4 19. fxe4 0-0-0 20. Qh5 f6 21. Rf2 Rdf8 22. Rcf1 Qg7 23. Qd1 Kb7 24. h4 Be8 25. h5 Qe7 26. Bh2 Bd7 27. g4 Kc8 28. Kg2 Kd8 29. Kg3 Ke8 30. Rf3 Kf7 31. Bg1 Kg7 32. Qe2 Bc8 33. Bf2 Qd7 34. Rf5 Qd8 35. Rf3 Bd7 36. Be1 Rf7 37. Bd2 Qc8 38. R3f2 Qa6 39. Bb1 b5 40. Bc1 bxc4 41. Qb2 Ra8 42. Rf3 Qb6 43. Qa1 Rb8 44. Ba3 Na6 45. Bc2 Qa5 46. Bb2 Nc5 47. R1f2 Ba4 48. Bb1 Bd1 49. Rf5 Qb6 50. Rd2 Nxe4+ 0-1

[Event "EU-ch U14"]
[Site "Prague"]
[Date "2012.08.23"]
[Round "7"]
[White "Zubkov, Vsevolod"]
[Black "Hadzialic, Benjamin"]
[Result "1/2-1/2"]
[WhiteElo "1928"]
[BlackElo "1745"]
[PlyCount "80"]
[EventDate "2012.08.17"]
[EventType "swiss"]
[EventRounds "9"]
[EventCountry "CZE"]
[SourceTitle "CBM 150 Extra"]
[Source "ChessBase"]
[SourceDate "2012.10.19"]
[SourceVersion "1"]
[SourceVersionDate "2012.10.19"]
[SourceQuality "1"]

1. e4 e6 2. d4 d5 3. Nd2 Nf6 4. e5 Nfd7 5. Bd3 c5 6. c3 Nc6 7. Ne2 cxd4 8. cxd4 Qb6 9. Nf3 Bb4+ 10. Bd2 Bxd2+ 11. Qxd2 Qb4 12. Rc1 Qxd2+ 13. Kxd2 Nb6 14. b3 Bd7 15. Nf4 Ke7 16. Bb1 Rac8 17. Rc3 h6 18. Nh5 a6 19. h4 Na7 20. Rhc1 Rxc3 21. Rxc3 Nb5 22. Rc5 Bc6 23. g3 g6 24. Nf4 Rc8 25. a4 Na7 26. Nd3 Nd7 27. Rc3 b6 28. Nb4 a5 29. Nd3 Nb8 30. Bc2 Na6 31. Bd1 Bd7 32. Rxc8 Bxc8 33. Kc3 Nc6 34. Nh2 Nab4 35. Ng4 h5 36. Ne3 Ba6 37. Nf4 Na2+ 38. Kb2 Nab4 39. Kc3 Na2+ 40. Kb2 Nab4 1/2-1/2

[Event "EU-ch U14"]
[Site "Prague"]
[Date "2012.08.21"]
[Round "5"]
[White "Mamedov, Elmin"]
[Black "Hadzialic, Benjamin"]
[Result "1/2-1/2"]
[WhiteElo "2105"]
[BlackElo "1745"]
[PlyCount "113"]
[EventDate "2012.08.17"]
[EventType "swiss"]
[EventRounds "9"]
[EventCountry "CZE"]
[SourceTitle "CBM 150 Extra"]
[Source "ChessBase"]
[SourceDate "2012.10.19"]
[SourceVersion "1"]
[SourceVersionDate "2012.10.19"]
[SourceQuality "1"]

1. Nf3 Nf6 2. g3 d5 3. Bg2 e6 4. 0-0 Be7 5. d3 0-0 6. Nbd2 c5 7. c4 Nc6 8. a3 b6 9. Ne1 Bb7 10. Nc2 Qc7 11. f4 Rad8 12. Qe1 d4 13. Nf3 a5 14. b3 Ra8 15. Bd2 h6 16. h3 Nh7 17. Qf2 e5 18. Nxe5 Nxe5 19. Bxb7 Qxb7 20. fxe5 Qc7 21. Qf5 g6 22. Qe4 Bg5 23. Bf4 Qd7 24. h4 Bxf4 25. Qxf4 Rfe8 26. e3 dxe3 27. Nxe3 Re6 28. Ng4 g5 29. Qe4 Rd8 30. Rf3 Qd4+ 31. Qxd4 Rxd4 32. Nf6+ Nxf6 33. exf6 gxh4 34. gxh4 Rxh4 35. Raf1 Rg4+ 36. Kh2 Kh7 37. b4 axb4 38. axb4 cxb4 39. Rb1 Rg6 40. Rxb4 Rgxf6 41. Rxf6 Rxf6 42. Kg3 Kg6 43. Rb5 Rd6 44. Kf4 Rxd3 45. Rxb6+ f6 46. c5 Rc3 47. Rc6 Rc4+ 48. Kf3 Kf5 49. Rc8 Rc3+ 50. Kg2 Kf4 51. Rh8 Kg5 52. Rg8+ Kf5 53. Rc8 h5 54. c6 Kf4 55. c7 f5 56. Kh2 h4 57. Kg2 1/2-1/2

[Event "Sarajevo Bosna op-B 42nd"]
[Site "Sarajevo"]
[Date "2012.05.08"]
[Round "5"]
[White "Avdic, Adnan A"]
[Black "Hadzialic, Benjamin"]
[Result "1/2-1/2"]
[WhiteElo "2089"]
[BlackElo "1727"]
[PlyCount "56"]
[EventDate "2012.05.05"]
[EventType "swiss"]
[EventRounds "9"]
[EventCountry "BIH"]
[SourceTitle "CBM 148 Extra"]
[Source "ChessBase"]
[SourceDate "2012.06.22"]
[SourceVersion "1"]
[SourceVersionDate "2012.06.22"]
[SourceQuality "1"]

1. d4 d5 2. Bg5 Bf5 3. e3 Nf6 4. Bxf6 exf6 5. Nf3 Bd6 6. c4 dxc4 7. Bxc4 0-0 8. Nc3 Nd7 9. Nh4 Bg6 10. Qg4 Kh8 11. 0-0-0 a6 12. f4 f5 13. Nxf5 Nf6 14. Qh3 b5 15. Bd3 b4 16. Ne4 a5 17. Nexd6 cxd6 18. e4 Rc8+ 19. Kb1 a4 20. Ng3 h6 21. f5 Bh7 22. e5 dxe5 23. dxe5 Nd5 24. f6 Bxd3+ 25. Rxd3 Nc3+ 26. Rxc3 bxc3 27. Nf5 c2+ 28. Kc1 Kh7 1/2-1/2

[Event "Sarajevo Bosna op 41st"]
[Site "Sarajevo"]
[Date "2011.05.11"]
[Round "8"]
[White "Hadzialic, Benjamin"]
[Black "Dedijer, Mira"]
[Result "0-1"]
[WhiteElo "1702"]
[BlackElo "1968"]
[PlyCount "80"]
[EventDate "2011.05.03"]
[EventType "swiss"]
[EventRounds "9"]
[EventCountry "BIH"]
[SourceTitle "CBM 142 Extra"]
[Source "ChessBase"]
[SourceDate "2011.06.27"]
[SourceVersion "1"]
[SourceVersionDate "2011.06.27"]
[SourceQuality "1"]

1. d4 d5 2. c4 c6 3. Nc3 Nf6 4. Nf3 e6 5. Bg5 Be7 6. e3 h6 7. Bh4 Nbd7 8. Be2 0-0 9. 0-0 Re8 10. Qc2 dxc4 11. Bxc4 b5 12. Be2 Bb7 13. a3 a5 14. Rfd1 Qb6 15. b3 g5 16. Bg3 Nd5 17. Nxd5 cxd5 18. Qb2 b4 19. a4 Rec8 20. Rac1 Nf6 21. Nd2 Ba6 22. Bxa6 Qxa6 23. Rxc8+ Rxc8 24. Rc1 Rc6 25. Be5 Qc8 26. Rxc6 Qxc6 27. Bxf6 Bxf6 28. Nf3 Bg7 29. Ne1 Kf8 30. Qc2 Qxc2 31. Nxc2 Ke7 32. Kf1 e5 33. dxe5 Bxe5 34. h3 f5 35. Nd4 Bxd4 36. exd4 g4 37. h4 f4 38. g3 Kf6 39. Ke2 Kf5 40. Kd3 h5 0-1

[Event "Sarajevo Bosna op 41st"]
[Site "Sarajevo"]
[Date "2011.05.04"]
[Round "2"]
[White "Banduka, Zeljko"]
[Black "Hadzialic, Benjamin"]
[Result "1-0"]
[WhiteElo "2133"]
[BlackElo "1702"]
[PlyCount "79"]
[EventDate "2011.05.03"]
[EventType "swiss"]
[EventRounds "9"]
[EventCountry "BIH"]
[SourceTitle "CBM 142 Extra"]
[Source "ChessBase"]
[SourceDate "2011.06.27"]
[SourceVersion "1"]
[SourceVersionDate "2011.06.27"]
[SourceQuality "1"]

1. d4 e6 2. g3 d5 3. Bg2 Nf6 4. Nf3 c5 5. c4 Nc6 6. 0-0 Be7 7. dxc5 Bxc5 8. cxd5 Nxd5 9. Qc2 Qb6 10. a3 0-0 11. b4 Be7 12. e4 Nf6 13. Be3 Qd8 14. Rd1 Bd7 15. h3 Rc8 16. Nc3 a6 17. e5 Nd5 18. Nxd5 exd5 19. Qd2 Be6 20. Rac1 Qd7 21. Kh2 Rfd8 22. Bb6 Rf8 23. Qe3 Bd8 24. Bc5 Be7 25. Ng5 h6 26. Nxe6 fxe6 27. f4 g5 28. Be4 Kh8 29. f5 Qc7 30. Bb6 Qb8 31. f6 Bxf6 32. exf6 dxe4 33. Qxe4 Qe5 34. Qg2 Qxf6 35. Rf1 Qg6 36. Bc5 Rf5 37. g4 Rf7 38. Bd4+ Kh7 39. Bc5 Rcc7 40. a4 1-0